00592 2200205 4500001002100000005001500021035002000036245009500056100002100151250000600172300003500178700002200213260004500235082001000280084001600290020001800306650002800324990001700352990001700369INLIS00000000000121820190521122532 a0010-05190001091 aPencemaran Lingkungan dan Penanganannya /cKus Dwiyatmoko B; Ilustrator, Sigit Dwi Nugroho0 aKus Dwiyatmoko B a- aiv, 76 hlm. :bilus. ;c25 cm.0 aSigit Dwi Nugroho aYogyakarta :bPT Citra Aji Parama,c2007 a363.7 a363.7 KUS p a979-1464-44-4 aPermasalahan Lingkungan a04378/H/2018 a04379/H/2018